| 000 | 00339nam a22001217a 4500 | ||
|---|---|---|---|
| 008 | 080901s2001 xxu|||||d|||| 001 0 eng d | ||
| 082 |
_222 _a620.23 _bPUJ |
||
| 245 |
_aVibrations and Noise for Engineers / _cKewal Pujara |
||
| 260 |
_aDelhi: _bDhanpat Rai, _c2001. |
||
| 300 |
_a233p: _bill; _c23cm. |
||
| 650 |
_97366 _aNoise. |
||
| 942 |
_2ddc _cBB |
||
| 999 |
_c10151 _d10151 |
||